READER'S DIGEST. OCTOBER 2005 (Record no. 57459)

000 -LEADER
fixed length control field 00510nam a22001817a 4500
003 - CONTROL NUMBER IDENTIFIER
control field MPLRDC
005 - DATE AND TIME OF LATEST TRANSACTION
control field 20220104165443.0
008 - FIXED-LENGTH DATA ELEMENTS--GENERAL INFORMATION
fixed length control field 210129b ||||| |||| 00| 0 eng d
082 ## - DEWEY DECIMAL CLASSIFICATION NUMBER
Classification number 050.1 RD v.10 2005
100 ## - MAIN ENTRY--PERSONAL NAME
Personal name JIM PLOUFFE
245 ## - TITLE STATEMENT
Title READER'S DIGEST. OCTOBER 2005
Statement of responsibility, etc.
250 ## - EDITION STATEMENT
Edition statement 初版
260 ## - PUBLICATION, DISTRIBUTION, ETC.
Place of publication, distribution, etc.
Name of publisher, distributor, etc. READER'S DIGEST ASSOCIATION FAR EAST LTD.
Date of publication, distribution, etc. 2005
300 ## - PHYSICAL DESCRIPTION
Other physical details
490 ## - SERIES STATEMENT
Series statement VOLUME 86; NO. 511
650 ## - SUBJECT ADDED ENTRY--TOPICAL TERM
Topical term or geographic name entry element 连续性出版品; 期刊--READER'S DIGEST
942 ## - ADDED ENTRY ELEMENTS (KOHA)
Koha item type Book
-- 050.1 RD v.10 2005
Holdings
Withdrawn status Lost status Source of classification or shelving scheme Damaged status Not for loan Collection code Home library Current library Shelving location Date acquired Cost, normal purchase price Total Checkouts Full call number Barcode Date last seen Date last checked out Price effective from Koha item type Public note
            Malaysian Public Library, Research and Development Centre Malaysian Public Library, Research and Development Centre   10/12/2007 15.00   050.1 RD v.10 2005 E0001868 18/03/2021 10/12/2007 18/03/2021 Book mplrdc

© 2022. Malaysian Public Library, Research and Development Centre. All Right ReservedE-mailmplrdc@help.edu.my 

Powered by Koha